Digital electronics / (Record no. 190566)
[ view plain ]
| 000 -LEADER | |
|---|---|
| fixed length control field | 00991 a2200193 4500 |
| 003 - CONTROL NUMBER IDENTIFIER | |
| control field | Nust |
| 005 - DATE AND TIME OF LATEST TRANSACTION | |
| control field | 20221121091101.0 |
| 020 ## - INTERNATIONAL STANDARD BOOK NUMBER | |
| International Standard Book Number | 8178085283 |
| 040 ## - CATALOGING SOURCE | |
| Transcribing agency | Nust |
| 082 ## - DEWEY DECIMAL CLASSIFICATION NUMBER | |
| Classification number | 621.381,GRE |
| 100 ## - MAIN ENTRY--PERSONAL NAME | |
| Personal name | D.C.Green |
| 9 (RLIN) | 10667 |
| 245 ## - TITLE STATEMENT | |
| Title | Digital electronics / |
| Statement of responsibility, etc. | D.C.Green |
| 250 ## - EDITION STATEMENT | |
| Edition statement | 5th Ed |
| 260 ## - PUBLICATION, DISTRIBUTION, ETC. | |
| Place of publication, distribution, etc. | Delhi |
| Name of publisher, distributor, etc. | Pearson Education |
| Date of publication, distribution, etc. | 2001 |
| 300 ## - PHYSICAL DESCRIPTION | |
| Extent | ix,398p |
| 505 ## - FORMATTED CONTENTS NOTE | |
| Formatted contents note | Digital signals and systems (Page-1), Binary and hexadecimal arithmetic (Page-18), Logic gates Page-44), Simplification of Boolean equations (Page-83), The Karnaugh map (Page-102), NAND and NOR logic(Page-126), Logic technologies (Page-143), MSI combinational logic circuits (Page-176), Latches and flip-flops (Page-202), Counters (Page-223), Shift registers (Page-251), Memories (Pgae-267), Programmable logic devices (Page-292), Visual displays (Page-311), Analogue-to-digital and digital-to-analogue converters (Page-328), Electronics Workbench (Page-346). |
| 650 ## - SUBJECT ADDED ENTRY--TOPICAL TERM | |
| Topical term or geographic name entry element | Digital electronics |
| 942 ## - ADDED ENTRY ELEMENTS (KOHA) | |
| Source of classification or shelving scheme | |
| Koha item type | Book |
| Withdrawn status | Lost status | Source of classification or shelving scheme | Damaged status | Not for loan | Permanent Location | Current Location | Shelving location | Date acquired | Total Checkouts | Full call number | Barcode | Date last seen | Date last checked out | Price effective from | Koha item type | Public note |
|---|---|---|---|---|---|---|---|---|---|---|---|---|---|---|---|---|
| Military College of Signals (MCS) | Military College of Signals (MCS) | General Stacks | 12/12/2016 | 3 | 621.381,GRE | MCS30282 | 01/10/2025 | 12/27/2024 | 12/12/2016 | Book | Almirah No.31, Shelf No.2 |
